000 00750nam a22002297a 4500
003 MCvsd
005 20140310182346.0
008 130312t xxu||||| |||| 00| 0 eng d
020 _a9781575420554
050 _aBF 723.G75
_b.R757 1999
082 _aGS 155.937
_bR66 1999
245 _aWhat on earth do you do when someone dies?
_cTrevor Romain
260 _aMinneapolis, MN
_bFree Spirit
_cc1999
300 _a72 p.
_bill.
_c16 cm.
526 _c1070L-1220L
541 _j1
562 _e1
650 _a1. Grief in children
_xJuvenile literature.
_921941
650 _a2. Bereavement in children
_xJuvenile literature.
_921942
650 _a3. Adjustment (Psychology) in children
_xJuvenile literature.
_921943
942 _2lcc
_cBK-GS
_kGS
999 _c12228
_d12228